000 00328nam a22001457a 4500
003 MACL
005 20151128115417.0
008 151128b xxu||||| |||| 00| 0 eng d
040 _cMACL
082 _a792/ROY
100 _aRoy,Ratna
_918446
245 _aNeo Classical Odissi Dance
650 _aDance
_918447
942 _2ddc
_cBK
999 _c51222
_d51222